Modern Operating System / (Record no. 198674)
[ view plain ]
| 000 -LEADER | |
|---|---|
| fixed length control field | 00715 a2200169 4500 |
| 003 - CONTROL NUMBER IDENTIFIER | |
| control field | Nust |
| 005 - DATE AND TIME OF LATEST TRANSACTION | |
| control field | 20220727114712.0 |
| 020 ## - INTERNATIONAL STANDARD BOOK NUMBER | |
| International Standard Book Number | 81-203-0974-x |
| 040 ## - CATALOGING SOURCE | |
| Transcribing agency | Nust |
| 082 ## - DEWEY DECIMAL CLASSIFICATION NUMBER | |
| Classification number | 004.33,TAN |
| 100 ## - MAIN ENTRY--PERSONAL NAME | |
| Personal name | Tanenbaum,Andrew S |
| 9 (RLIN) | 1413 |
| 245 ## - TITLE STATEMENT | |
| Title | Modern Operating System / |
| Statement of responsibility, etc. | Tanenbaum,Andrew S |
| 260 ## - PUBLICATION, DISTRIBUTION, ETC. | |
| Place of publication, distribution, etc. | USA |
| Name of publisher, distributor, etc. | Prentice-hall |
| Date of publication, distribution, etc. | 1992 |
| 300 ## - PHYSICAL DESCRIPTION | |
| Extent | 722p |
| 505 ## - FORMATTED CONTENTS NOTE | |
| Formatted contents note | What is an operating system (Page-3), History of operating system (Page-5), Operating system concepts (Page-12), Operating system structure (Page-18), Outline of rest of this book (Page-24), Memory management (Page-74), File systems (Page-145), Input,output (Page-205), Deadlocks (Page-240), Case study (Page-315). |
| 942 ## - ADDED ENTRY ELEMENTS (KOHA) | |
| Source of classification or shelving scheme | |
| Koha item type | Book |
| Call number prefix | 004.33,TAN |
| Withdrawn status | Lost status | Source of classification or shelving scheme | Damaged status | Not for loan | Permanent Location | Current Location | Shelving location | Date acquired | Full call number | Barcode | Date last seen | Price effective from | Koha item type | Public note |
|---|---|---|---|---|---|---|---|---|---|---|---|---|---|---|
| Military College of Signals (MCS) | Military College of Signals (MCS) | General Stacks | 12/12/2016 | 004.33 TAN | MCS28373 | 12/08/2016 | 12/12/2016 | Book | Almirah No.2, Self No.4 |
